1494 1363 1618 1861 1690 1629 1875 1217 1976 1988 1311 1820 1456 1662 1647 1284 1695 1220 1427 1864 1188 1779 1175 1010 1066 1160 1207 1124 1156 1382 1375 1944 1314 1384 1244 1858 1740 1494 1633 1066 1502 1076 1207 1372 1989 1166 1420 1434 1272 1475 1065 1948 1970 1721 1947 1301 1014 1158 1580 1586 1284 1932 1861 1439 1182 1649 1247 1052 1039 1818 1561 1435 1497 1798 1123 1644 1135 1112 1941 1129 1467 1370 1375 1931 1196 1400 1868 1331 1428 1441 1513 1961 1661 1644 1625 1725 1550 1806 1517 BCNSPRNW ULIB Ver.6.0+V

เปลี่ยนเป็นภาษาไทย

Change to English
 แสดงรายละเอียดบรรณานุกรม
  กลับหน้าหลัก

Brief Record : Get Marc (ISO 2709) : E-mail record : QR code < ปิดหน้าต่าง
LEADER : 00000nam 2200000uu 4500
001    13399114020
003     ULIB
008    120110s||||||||th 000 0 tha d
099    วจ.WA590^bจ590ก
100 0  จอมขวัญ โยธาสมุทร
245 00 การสร้างเสริมสุขภาพสำหรับพนักงานโรงงานและคนงานก่อสร้าง : บทบาทของการตลาดเพื่อสังคม/^cจอมขวัญ โยธาสมุทร,เชิญขวัญ ภุชฌงค์,ทรงยศ พิลาสันต์,รุ่งนภา ธีระอนันต์ชัย,รักมณี บุตรชน,กัลยา ตีระวัฒนานนท์,ศรีเพ็ญ ตันติเวส และ ยศ ตีระวัฒนานนท์
260    นนทบุรี :^bโครงการประเมินเทคโนโลยีและนโยบายด้านสุขภาพ,^c2553
300    190 หน้า :^bตาราง
500    รายงานการวิจัย
650  7 การสร้างเสริมสุขภาพ^xพนักงานโรงงาน^xวิจัย
700 0  เชิญขวัญ ภุชฌงค์
700 0  ทรงยศ พิลาสันต์
700 0  รุ่งนภา ธีระอนันต์ชัย
700 0  รักมณี บุตรชน
700 0  กัลยา ตีระวัฒนานนท์
700 0  ศรีเพ็ญ ตันติเวส
700 0  ยศ ตีระวัฒนานนท์
710    โครงการประเมินเทคโนโลยีและนโยบายด้านสุขภาพ
945    ^p0^l0^i030985
945    ^p0^l0^i001388
995    ทศพร
999 ^a ทศพร
รายการนี้ยังไม่มีแท็ก
คุณยังไม่ได้ล็อกอิน คุณสามารถมีกิจกรรมร่วมกับเว็บไซต์ได้ แต่ต้องล็อกอินก่อน ::
  ล็อกอิน

รายการสื่อสารสนเทศ

ลำดับที่ ประเภท เลขเรียก/บาร์โค้ด สถานที่ สถานะ
1. งานวิจัย
งานวิจัย
วจ.WA590 จ590ก ฉ.1 
  Barcode: 030985
ห้องสมุดวิทยาเขตสวรรค์ประชารักษ์
►วิจัย
บนชั้น
2. งานวิจัย
งานวิจัย
วจ.WA590 จ590ก ฉ.2 
  Barcode: 001388
ห้องสมุดวิทยาเขตสวรรค์ประชารักษ์
►วิจัย
บนชั้น

รายการใกล้เคียง
    ผู้แต่ง [จอมขวัญ โยธาสมุทร]

BibComment


ยังไม่เคยถูกคอมเมนท์

คอมเมนท์ทรัพยากรรายการนี้
  คอมเมนท์: การสร้างเสริมสุขภ..


 Copyright 2026. Bcnsprnw @Library